000 00968nas a2200253 454500
001 44095
005 20260407193511.0
008 260407s2017####ag###########|||spa#d
003 AR-UNSa-BCEJYS
040 _aAR-UNSa-BCEJYS
_bspa
_cAR-UNSa-BCEJYS
080 _a347.9
_xDerecho procesal. Procedimiento judicial. Organización y personal al servicio de la administración de justicia
245 1 0 _aTemas de derecho procesal
264 1 _aBuenos Aires :
_bErreius
_c2017
310 _aFrecuencia: Mensual A partir del número correspondiente al mes de Febrero de 2024, cambia de periodicidad en forma bimestral
505 _aPort: Colección Compendio Jurídico
041 _aspa
942 _cSER
590 _aniveau_biblio:s niveau_hierar:1
100 1 _aCamps, Carlos E.
650 _aDerecho Procesal
650 _aJURISPRUDENCIA
650 _aDOCTRINA
856 4 1 _uhttps://biblioeco.unsa.edu.ar/pmb/images/revistas/R10525.jpg
_yImagen de portada
_qimage/jpeg
999 _c8917
_d8917